[Event "Barcelona Sant Marti op-B 25th"]
[Site "Barcelona"]
[Date "2025.07.20"]
[Round "8"]
[White "Velasco Grisales, Henry"]
[Black "Bonilla Pareja, Jose Manuel"]
[Result "1-0"]
[WhiteElo "1538"]
[BlackElo "1487"]
[PlyCount "39"]
[EventDate "2025.07.13"]
[EventType "swiss"]
[EventRounds "9"]
[EventCountry "ESP"]
[SourceTitle "CB30_2025"]
[SourceDate "2025.07.23"]
[SourceVersion "1"]
[SourceVersionDate "2025.07.23"]
[SourceQuality "1"]

1. e4 e6 2. Nf3 Nc6 3. c3 b6 4. d4 d5 5. e5 a6 6. Nbd2 Nge7 7. Ng5 Nf5 8. Ndf3 f6 9. Nh3 Be7 10. Bd3 Bd7 11. g4 Nh6 12. exf6 Bf8 13. Bxh6 gxh6 14. f7+ Kxf7 15. g5 Ne7 16. Ne5+ Ke8 17. Qh5+ Ng6 18. Nxg6 Qf6 19. Nxh8+ Ke7 20. gxf6+ 1-0